Entrepreneurship: A Small Business Approach /

Entrepreneurship: A Small Business Approach takes a hands-on, problem-based learning approach that works through real problems faced by entrepreneurs and small business owners. Using real-world scenarios and exercises throughout, it puts the student in the roles of financial analyst, marketer, and b...

Volledige beschrijving

Bewaard in:
Bibliografische gegevens
Hoofdauteur: Bruton Garry D
Andere auteurs: Bamford Charles E
Formaat: Boek
Taal:Vietnamese
Gepubliceerd in: New York : Mc Graw Hill Higher Education , 2010
Onderwerpen:
Tags: Voeg label toe
Geen labels, Wees de eerste die dit record labelt!
Thư viện lưu trữ: Thư viện Trường CĐ Kỹ Thuật Cao Thắng
LEADER 01268nam a2200241 a 4500
001 TVCDKTCT14593
003 Thư viện trường Cao đẳng Kỹ thuật Cao Thắng
005 20140616000000
008 140616
980 \ \ |a Thư viện Trường CĐ Kỹ Thuật Cao Thắng 
024 |a RG_1 #1 eb0 i1 
020 # # |a 0073403113 
041 0 # |a vie 
082 # # |a 658.1 /   |b CH100R-e 
100 1 # |a Bruton Garry D 
245 0 0 |a Entrepreneurship: A Small Business Approach /  |c Bruton Garry D, Bamford Charles E 
260 # # |a New York :  |b Mc Graw Hill Higher Education ,  |c 2010 
300 # # |a 368tr. 
520 # # |a Entrepreneurship: A Small Business Approach takes a hands-on, problem-based learning approach that works through real problems faced by entrepreneurs and small business owners. Using real-world scenarios and exercises throughout, it puts the student in the roles of financial analyst, marketer, and business owner to find solutions. By drawing on the most current environmental conditions and solid research, Entrepreneurship provides students with the necessary foundation to design, start, and manage a small business. 
650 # 4 |a New Business Enterprises 
650 # 4 |a Small business 
650 # 4 |a Success in business 
700 0 # |a Bamford Charles E